000 00573nam a2200193Ia 4500
005 20250508161933.0
008 008 250505s9999 xx 000 0 hin d
037 _aDissertations
040 _aFEDL
_beng
_cFEDL
041 _ahin
_2eng
084 _a370.19, KUL/DI
_qFEDL
100 _aKulshreshtth Rakesh Kumari
_9771848
245 0 _aAnath tatha snath bachchon ki suraksha bhavana ka adhyayan.
260 _c1974
300 _a52p.
546 _aM.Ed. Dissertation (Agra University).
942 _cDIS
_h370.19, KUL/DI
999 _c1373359
_d1373359